00492nam a2200181Ii 450000100060000000300090000600800410001504000330005604100080008908200130009710000210011024500320013126400540016330000120021733600260022933700280025533800270028320258CO-ViMGA241108s9999||||xx |||||||||||||| ||und|| aCO-ViMGAbspaerdacCO-ViMGA0 aspa04a304 P17n1 aReynaldo. Pareja10aEl nuevo lenguaje del comic 1aBogotá, Colombia : Ediciones Tercer Mundo, 1982 avolumen atextbtxt2rdacontent aunmediatedbn2rdamedia avolumebnc2rdacarrier